000 00454nam a2200133Ia 4500
008 220216s9999 xx 000 0 und d
100 _aIbrahim Bin Mohamed
245 0 _aUse of palm-based metallic soaps as processing aids in rubber compounding
260 _bProceedings of the International Rubber Technology Conference, Malaysia 1988; p306-339
650 _aRubber compounding
700 _aHamirin Bin Abd Kifli
700 _aLong O E
942 _cJS
999 _c71884
_d71884